Skład Realu Madryt w La Liga w sezonie 2024/25 - Statystyki

Ogólne statystyki
  • Ten quiz został rozwiązany 157 razy
  • Średni wynik to 18 z 25
Statystyki odpowiedzi
Numer Zawodnik % Poprawnych
9 Kylian Mbappé
96%
7 Vinicius
94%
11 Rodrygo
93%
10 Luka Modrić
92%
5 Jude Bellingham
90%
1 Thibaut Courtois
88%
22 Antonio Rüdiger
87%
3 Éder Militão
86%
8 Federico Valverde
84%
13 Andriy Lunin
82%
16 Endrick
81%
2 Daniel Carvajal
80%
6 Eduardo Camavinga
80%
15 Arda Güler
79%
23 Ferland Mendy
77%
4 David Alaba
76%
14 Aurélien Tchouámeni
72%
21 Brahim Diaz
63%
17 Lucas Vázquez
57%
19 Dani Ceballos
55%
20 Fran Garcia
50%
18 Jesús Vallejo
42%
26 Fran
31%
32 Nico Paz
27%
31 Jacobo Ramón
10%
Nie znaleziono quizów pasujących do podanych kryteriów
Rozkład punktacji
Procent ludzi z każdym wynikiem
Percentyl według liczby udzielonych odpowiedzi
Twoja historia wyników
Nie rozwiązałeś tego quizu